000 00731nmm a2200289 a 4500
003 AR-BaBNM
005 20251128203718.0
008 246019s1970 ||||||||||||||000 | spa||
040 _cAR-BaBNM
245 1 0 _aEl concepto de hombre fósil
260 _aBuenos Aires
_bLibros Básicos
_c1970
300 0 _a243 p.
_btablas
650 4 _aBIOLOGIA
650 4 _aANTROPOLOGIA
650 4 _aARQUEOLOGIA
650 4 _aRAZA
650 4 _aEVOLUCION
700 1 _aAckerknecht, Erwin H.
700 1 _aWeinert, Hans
700 1 _aTeilhard de Chardin, Pierre
700 1 _aStraus, William L.
700 1 _aMonge, Carlos
700 1 _aStrong, William Duncan
700 1 _aVallois, Henri V.
942 _cBK
998 _cEnrique
999 _c4594
_d4594